Computers and information systems
Information age: An overview of computing and computers; Information systems concepts; Microcomputer application software; Implications of the information age...
Uloženo v:
| Hlavní autor: | |
|---|---|
| Médium: | Kniha |
| Jazyk: | Undetermined |
| Vydáno: |
Englewood Cliffs, New Jersey
Prentice-Hall
1995
|
| Témata: | |
| Tagy: |
Přidat tag
Žádné tagy, Buďte první, kdo otaguje tento záznam!
|
| Thư viện lưu trữ: | Trung tâm Học liệu Trường Đại học Cần Thơ |
|---|
| LEADER | 00732nam a2200193Ia 4500 | ||
|---|---|---|---|
| 001 | CTU_23309 | ||
| 008 | 210402s9999 xx 000 0 und d | ||
| 082 | |a 004 | ||
| 082 | |b S999 | ||
| 100 | |a Robert A Szymanski | ||
| 245 | 0 | |a Computers and information systems | |
| 245 | 0 | |c Robert A Szymanski, Donald P Szymanski, Donna M Pulschen | |
| 260 | |a Englewood Cliffs, New Jersey | ||
| 260 | |b Prentice-Hall | ||
| 260 | |c 1995 | ||
| 520 | |a Information age: An overview of computing and computers; Information systems concepts; Microcomputer application software; Implications of the information age... | ||
| 650 | |a computer software,computers | ||
| 904 | |i Quyên,980521 | ||
| 980 | |a Trung tâm Học liệu Trường Đại học Cần Thơ | ||